Vybrané riziká degradácie životného prostredia v 21. storočí

Autor sa venuje problematike prírodných zdrojov a stupni ich poškodenia a následného vzniku migrácie obyvateľstva. Klimatické zmeny, environmentálne zmeny. Degradácia životného prostredia - topenie ľadovcov, zvyšovanie hladiny mora, odlesňovanie.

Guardado en:
Detalles Bibliográficos
Autor principal: Černota, Mikuláš, 1979-
Formato: Capítulo de libro
Lenguaje:eslovaco
Materias:
Etiquetas: Agregar Etiqueta
Sin Etiquetas, Sea el primero en etiquetar este registro!

MARC

LEADER 00000nla a2200000 4500
001 0164262
005 20240502072850.0
041 0 |a slo 
044 |a SK 
245 1 0 |a Vybrané riziká degradácie životného prostredia v 21. storočí  |c Mikuláš Černota 
520 |a Autor sa venuje problematike prírodných zdrojov a stupni ich poškodenia a následného vzniku migrácie obyvateľstva. Klimatické zmeny, environmentálne zmeny. Degradácia životného prostredia - topenie ľadovcov, zvyšovanie hladiny mora, odlesňovanie. 
610 2 0 |a prostredie životné 
610 2 0 |a ochrana prostredia životného 
610 2 0 |a diverzita biologická 
610 2 0 |a zdroje prírodné 
100 1 |a Černota, Mikuláš, 1979-